00830nam a22002417a 450000500170000001000110001702000100002803500110003803700160004904000120006508200160007710000290009324500490012226000380017127000130020930000310022250000200025365000340027365000330030794200250034099900190036595202040038420170124110027.0 a318907 c00.00 a318907 bCen Lib/Ret aDPLbEN a571.09bHAW aHawkes, Jacquetta920813 aThe world of the past /cby Jacquetta Hawkes aNew YorkbA lfered A. Knopfc1963 bNew York axix,601p.:c23cm(Hb)bill. aIncludes index  aArchaeology -- History920814 aCivilization, Ancient920815 2ddccENh571.09mHAW c127551d127551 04104070aLbLd2015-06-29eCen Lib/Retg0.00l1m1o571.09 HAWp318907r2019-08-19 00:00:00s2019-07-20t1v0.00w2015-06-29yENz Written off on approval by DLB (By Circulation); dtd 15-06-2023